000 004790000a22001930004500
001 002514
003 MACL
005 20151205170234.0
008 151205b xxu||||| |||| 00| 0 eng d
040 _aMACL
_cMACL
041 _aEnglish
082 _a742
100 _aPremchand,
_919422
245 _aVikram Betal
_bPopular Stories in Easy English
_cPremchand
260 _aSwathi Book House,
_c2006
350 _a40
650 _aChildren's Book
_919423
942 _k742
_cBK
_2ddc
999 _c14424
_d14424